01159 2200301 4500001002100000005001500021035002000036008004100056020001800097082000800115084001400123100002500137245008700162250000600249260003500255300003200290500002100322520027400343650003300617650003200650650001900682990002600701990002600727990002600753990002600779990002600805990002600831INLIS00000000000048220221112020903 a0010-0520000482221112 | |  a0-07-287689-1 a808 a808 CLO a0 aClouse, Barbara Fine1 aA Trobleshooting Guide for Writers :bSrategies and Process /cBarbara Fine Clouse a4 aNew York :bMcGraw Hill,c2005 axxii,189 p.; 23 cm ;c23 cm aIndeks : p I1-I6 aA Trobleshooting Guide for Writers : srategies and process is a compendium of strategies for handling all aspects of writing, from idea generation through editing. it is based on the belief that people writer better when they discover procedures that work well fo them. 4aEnglish language -- Rhetoric 4aEnglish language -- Grammar 4aReport writing a16384/MKRI-P/XII-2009 a16383/MKRI-P/XII-2009 a16383/MKRI-P/XII-2009 a16384/MKRI-P/XII-2009 a16384/MKRI-P/XII-2009 a16383/MKRI-P/XII-2009